[Event "Konik Morski Rewala OPEN A"]
[Site "Rewal"]
[Date "2007.08.25"]
[Round "5.34"]
[White "Pazdziora, Michal"]
[Black "Baumann, Dariusz"]
[Result "1/2-1/2"]
[WhiteElo "2205"]
[BlackElo "2050"]
[PlyCount "118"]
[EventDate "2007.??.??"]

1. d4 d5 2. Nf3 Nf6 3. c4 dxc4 4. e3 e6 5. Bxc4 c5 6. O-O a6 7. Qe2 b5 8. Bb3
Bb7 9. a4 Nbd7 10. axb5 axb5 11. Rxa8 Qxa8 12. Nc3 b4 13. Nb5 Qb8 14. e4 cxd4
15. Nbxd4 Bd6 16. Re1 Nxe4 17. Ba4 Bd5 18. Bc6 Qb6 19. Bxd5 exd5 20. Qb5 Qxb5
21. Nxb5 Bc5 22. Re2 O-O 23. Nc7 Nxf2 24. Rxf2 Rc8 25. Bf4 Nf6 26. Kf1 Bxf2 27.
Kxf2 Ne8 28. Nxe8 Rxe8 29. b3 f6 30. Nd2 d4 31. Bd6 Kf7 32. Bxb4 Ke6 33. Ke2
Kd5+ 34. Kd1 d3 35. Bc3 Re2 36. Nf1 Kc5 37. g3 Rf2 38. Ke1 Re2+ 39. Kd1 Kd5 40.
h3 h5 41. Bd2 g5 42. b4 Kc4 43. Ne3+ Kb5 44. Nd5 Rg2 45. Be1 d2 46. Bxd2 Rxg3
47. Nc3+ Kc6 48. b5+ Kb6 49. Be3+ Kb7 50. Ke2 Rxh3 51. Ne4 Rh1 52. Nxf6 g4 53.
Bf2 Rh3 54. Ne4 h4 55. Nd6+ Kb8 56. Nf5 Rh2 57. Kf1 g3 58. Nxg3 Rxf2+ 59. Kxf2
hxg3+ 1/2-1/2

[Event "Konik Morski Rewala OPEN A"]
[Site "Rewal"]
[Date "2007.08.25"]
[Round "5.35"]
[White "Mazurkiewicz, Michal"]
[Black "Musialkiewicz, Jan"]
[Result "1-0"]
[WhiteElo "2199"]
[BlackElo "1926"]
[PlyCount "65"]
[EventDate "2007.??.??"]

1. e4 e5 2. Nf3 Nc6 3. Bb5 Nge7 4. c3 d6 5. d4 Bd7 6. O-O Ng6 7. Na3 a6 8. Bc4
Be7 9. g3 O-O 10. h4 Bg4 11. Be2 Qc8 12. Nc4 Re8 13. d5 Nd8 14. Ne3 Bh3 15. Re1
c6 16. c4 b5 17. b3 cxd5 18. Nxd5 Qb8 19. h5 Nf8 20. Ba3 Nb7 21. Nxe5 dxe5 22.
Nxe7+ Kh8 23. Nd5 bxc4 24. bxc4 Be6 25. Rb1 Nd7 26. h6 g6 27. Qc1 f6 28. c5
Bxd5 29. exd5 Rc8 30. c6 Ra7 31. Qe3 Nf8 32. Qb6 Kg8 33. cxb7 1-0

[Event "Konik Morski Rewala OPEN A"]
[Site "Rewal"]
[Date "2007.08.25"]
[Round "5.36"]
[White "Demidowicz, Maria"]
[Black "Wozniak, Maciej"]
[Result "0-1"]
[WhiteElo "1979"]
[BlackElo "2180"]
[PlyCount "94"]
[EventDate "2007.??.??"]

1. e4 e5 2. Nf3 Nc6 3. Bb5 a6 4. Ba4 Nf6 5. O-O Be7 6. Re1 b5 7. Bb3 O-O 8. h3
d6 9. c3 Na5 10. Bc2 c5 11. d4 Qc7 12. Nbd2 Nc6 13. d5 Nb8 14. b3 Nbd7 15. Nf1
Nb6 16. Ng3 a5 17. Qe2 Bd7 18. Be3 Rfb8 19. Nd2 a4 20. f4 Rb7 21. Bd3 Nc8 22.
Rf1 Qa5 23. c4 bxc4 24. Nxc4 Qc7 25. Qb2 Nb6 26. fxe5 Nxc4 27. Bxc4 dxe5 28.
Rad1 Bd6 29. Qf2 axb3 30. axb3 Bc8 31. Bg5 Ne8 32. Nf5 Bxf5 33. Qxf5 Ra2 34.
Ra1 Rba7 35. Rxa2 Rxa2 36. Bb5 g6 37. Qf3 Ng7 38. Bf6 Nh5 39. Bg5 Nf4 40. Bxf4
exf4 41. Rc1 Qa5 42. Qd3 Rd2 43. Qc3 Qa2 44. Bf1 Rf2 45. e5 f3 46. gxf3 Rh2 47.
Qe3 Bxe5 0-1

[Event "Konik Morski Rewala OPEN A"]
[Site "Rewal"]
[Date "2007.08.25"]
[Round "5.37"]
[White "Tsifanskaya, Ludmila A"]
[Black "Polok, Rafal"]
[Result "0-1"]
[WhiteElo "2170"]
[BlackElo "1942"]
[PlyCount "110"]
[EventDate "2007.??.??"]

1. e4 e6 2. d3 d5 3. Nd2 Nf6 4. Ngf3 c5 5. g3 Nc6 6. Bg2 b6 7. O-O Bb7 8. Re1
Be7 9. c3 Qc7 10. a3 h6 11. h4 O-O-O 12. b4 dxe4 13. dxe4 Ng4 14. Qe2 Nce5 15.
Nxe5 Nxe5 16. Nb3 Nd3 17. Rd1 Ba6 18. b5 Bxb5 19. Be3 Bc4 20. Qc2 Ne5 21. Nd2
Bd3 22. Qb2 Ng4 23. Bf4 e5 24. Bh3 exf4 25. Bxg4+ Kb8 26. Nf1 c4 27. e5 fxg3
28. fxg3 Qxe5 29. Re1 Bc5+ 30. Kh2 Qf6 31. Qg2 Rhe8 32. Bf3 Kc7 33. Kh1 Qxc3
34. Rec1 Qd4 35. Nd2 f5 36. Bb7 Be4 37. Nxe4 fxe4 38. Ba6 Rf8 39. Ra2 Qe3 40.
Rxc4 Rd4 41. Rcc2 Kd6 42. Ra1 Rd5 43. Re2 Qc3 44. Rae1 e3 45. Bb7 Qe5 46. Bxd5
Qxd5 47. Qxd5+ Kxd5 48. Rxe3 Bxe3 49. Rxe3 Rf7 50. Kg2 b5 51. h5 a5 52. Re8 b4
53. Ra8 b3 54. Rxa5+ Kc4 55. Ra8 Rb7 0-1

[Event "Konik Morski Rewala OPEN A"]
[Site "Rewal"]
[Date "2007.08.25"]
[Round "5.38"]
[White "Gorol, Magdalena"]
[Black "Tokarski, Lukasz"]
[Result "0-1"]
[WhiteElo "1834"]
[BlackElo "2168"]
[PlyCount "64"]
[EventDate "2007.??.??"]

1. e4 c5 2. c4 Nc6 3. Nc3 g6 4. g3 Bg7 5. Bg2 d6 6. Nge2 e6 7. O-O Nge7 8. d3
O-O 9. Be3 Nd4 10. Qd2 Rb8 11. Bh6 a6 12. Nxd4 cxd4 13. Ne2 e5 14. b4 b5 15. c5
dxc5 16. bxc5 Qc7 17. Rac1 Be6 18. Bxg7 Kxg7 19. f4 f6 20. Rc2 Rbc8 21. h3 Qa7
22. Rfc1 Nc6 23. g4 a5 24. f5 Bg8 25. g5 Qe7 26. gxf6+ Qxf6 27. Ng3 Qh4 28. Kh2
Nb4 29. Rb2 Qf4 30. a3 Nxd3 31. Qxd3 Qxc1 32. Rxb5 Rxc5 0-1

[Event "Konik Morski Rewala OPEN A"]
[Site "Rewal"]
[Date "2007.08.25"]
[Round "5.39"]
[White "Jozwicki, Jakub"]
[Black "Czartoryski, Pawel"]
[Result "1-0"]
[WhiteElo "2178"]
[BlackElo "2066"]
[PlyCount "51"]
[EventDate "2007.??.??"]

1. e4 d6 2. d4 Nf6 3. Nc3 g6 4. f4 Bg7 5. Nf3 O-O 6. Bd3 c5 7. dxc5 dxc5 8. e5
Nd5 9. Nxd5 Qxd5 10. Qe2 Nc6 11. Be4 Qd7 12. c3 b6 13. O-O Bb7 14. Rd1 Qc7 15.
e6 f5 16. Rd7 Qc8 17. Bd5 Rb8 18. Be3 Nd8 19. Qd2 Bf6 20. Rd1 Bc6 21. Ne5 Bxe5
22. fxe5 Rb7 23. Bb3 Rb8 24. Rxe7 c4 25. Bxc4 Bxg2 26. Qd7 1-0

[Event "Konik Morski Rewala OPEN A"]
[Site "Rewal"]
[Date "2007.08.25"]
[Round "5.40"]
[White "Siwiec, Arkadiusz"]
[Black "Rawicz, Karol"]
[Result "0-1"]
[WhiteElo "2048"]
[BlackElo "2170"]
[PlyCount "72"]
[EventDate "2007.??.??"]

1. e4 c5 2. Nf3 d6 3. d4 cxd4 4. Nxd4 Nf6 5. Nc3 Nc6 6. Bg5 e6 7. Qd2 Be7 8.
O-O-O a6 9. f4 h6 10. Bxf6 gxf6 11. Bc4 Qb6 12. Nce2 Na5 13. Bd3 Bd7 14. f5
O-O-O 15. Rhf1 Kb8 16. Rf3 h5 17. fxe6 fxe6 18. Nf4 Qxd4 19. Qxa5 f5 20. Bxa6
Qc5 21. Qxc5 dxc5 22. Bc4 Bg5 23. h4 fxe4 24. Rff1 Bxh4 25. Bxe6 Bc6 26. Bd5
Bg5 27. c4 Rdf8 28. g3 h4 29. Kc2 hxg3 30. Bxc6 Rh2+ 31. Kb3 bxc6 32. Ne6 Rxf1
33. Rxf1 g2 34. Rf8+ Ka7 35. Rf7+ Kb6 36. Nc7 g1=Q 0-1

[Event "Konik Morski Rewala OPEN A"]
[Site "Rewal"]
[Date "2007.08.25"]
[Round "5.41"]
[White "Dudys, Jakub"]
[Black "Kotermanska, Anna"]
[Result "0-1"]
[WhiteElo "2162"]
[BlackElo "1980"]
[PlyCount "46"]
[EventDate "2007.??.??"]

1. e4 g6 2. d4 Bg7 3. Nc3 d6 4. f4 c6 5. Nf3 b5 6. a3 a6 7. Be2 Nd7 8. O-O Qc7
9. Be3 e6 10. Kh1 Ne7 11. Qe1 Bb7 12. Qh4 Nb6 13. Rad1 h6 14. Qh3 O-O-O 15. Nd2
Kb8 16. Qg3 f5 17. e5 Nbd5 18. Nxd5 Nxd5 19. exd6 Qxd6 20. Nb3 g5 21. c3 Rhg8
22. fxg5 Qxg3 23. hxg3 Nxe3 0-1

[Event "Konik Morski Rewala OPEN A"]
[Site "Rewal"]
[Date "2007.08.25"]
[Round "5.42"]
[White "Kielar, Maciej"]
[Black "Matuszewski, Michal"]
[Result "0-1"]
[WhiteElo "1976"]
[BlackElo "2144"]
[PlyCount "58"]
[EventDate "2007.??.??"]

1. e4 Nf6 2. e5 Nd5 3. d4 d6 4. Nf3 Bg4 5. Be2 c6 6. exd6 exd6 7. O-O Be7 8. c4
Nb6 9. Nbd2 N8d7 10. Re1 O-O 11. Qc2 Re8 12. b3 Nf8 13. Bb2 d5 14. Bd3 Bh5 15.
Ne5 Nbd7 16. f4 f6 17. Nef3 Bd6 18. Rxe8 Qxe8 19. Re1 Qf7 20. g3 Re8 21. Qb1
Bb4 22. Rxe8 Qxe8 23. Kf2 f5 24. Bc1 Nf6 25. Bxf5 g6 26. Bd3 Ng4+ 27. Kg2 Ne3+
28. Kf2 Nd1+ 29. Kg2 Qe3 0-1

[Event "Konik Morski Rewala OPEN A"]
[Site "Rewal"]
[Date "2007.08.25"]
[Round "5.43"]
[White "Labedz, Patrycja"]
[Black "Gola, Karol"]
[Result "0-1"]
[WhiteElo "1942"]
[BlackElo "2141"]
[PlyCount "58"]
[EventDate "2007.??.??"]

1. d4 d5 2. Nf3 Nf6 3. Bf4 e6 4. e3 Bd6 5. Bg3 O-O 6. Bd3 c5 7. c3 Nc6 8. Nbd2
h6 9. O-O Bxg3 10. hxg3 b6 11. Ne5 Nxe5 12. dxe5 Nd7 13. f4 Bb7 14. e4 c4 15.
Bc2 Nc5 16. Qe2 b5 17. Rad1 d4 18. cxd4 Qxd4+ 19. Qf2 Rad8 20. Rfe1 Qxb2 21.
Rc1 Qxa2 22. Qxc5 Rxd2 23. Qxb5 Rxc2 24. Rxc2 Qxc2 25. Qxb7 Qd2 26. Rb1 c3 27.
Qc6 c2 28. Rf1 Rd8 29. Kh2 Qe2 0-1

[Event "Konik Morski Rewala OPEN A"]
[Site "Rewal"]
[Date "2007.08.25"]
[Round "5.44"]
[White "Dombrowski, Bartosz"]
[Black "Witek, Tomasz"]
[Result "0-1"]
[WhiteElo "1942"]
[BlackElo "2105"]
[PlyCount "82"]
[EventDate "2007.??.??"]

1. e4 e6 2. d4 d5 3. Nc3 Bb4 4. e5 Ne7 5. a3 Bxc3+ 6. bxc3 c5 7. Nf3 Bd7 8. Be2
Ba4 9. O-O Qa5 10. Bd2 Nbc6 11. Rb1 Qc7 12. Re1 h6 13. Bd3 c4 14. Bf1 O-O-O 15.
h4 Kb8 16. Qc1 Ka8 17. Bf4 Rdg8 18. Qd2 Qa5 19. g3 a6 20. Bh3 g5 21. hxg5 hxg5
22. Nxg5 Rxg5 23. Bxg5 Rxh3 24. Bh4 Nf5 25. Kg2 Nxh4+ 26. gxh4 Rxh4 27. Rh1
Rg4+ 28. Kf3 Rg8 29. Rh7 Qd8 30. Rxf7 Qh4 31. Rf4 Qh5+ 32. Ke3 Ne7 33. Qe2 Qh6
34. Qf3 Bxc2 35. Rh1 Qg6 36. Rf8+ Ka7 37. Rxg8 Qxg8 38. Qf6 Nf5+ 39. Kd2 Bd3
40. Re1 Qg2 41. Re2 Qf3 0-1

[Event "Konik Morski Rewala OPEN A"]
[Site "Rewal"]
[Date "2007.08.25"]
[Round "5.45"]
[White "Gorecka, Joanna"]
[Black "Organisciak, Wojciech"]
[Result "1-0"]
[WhiteElo "2089"]
[BlackElo "2095"]
[PlyCount "95"]
[EventDate "2007.??.??"]

1. e4 c5 2. Nf3 d6 3. d4 cxd4 4. Nxd4 Nf6 5. Nc3 a6 6. Bg5 b5 7. Bd3 Nbd7 8.
O-O Bb7 9. Qe2 e6 10. Kh1 Be7 11. f4 b4 12. Nd1 Nc5 13. Nf2 h6 14. Bxf6 Bxf6
15. Qe3 Rc8 16. Ng4 Be7 17. f5 e5 18. Nf3 h5 19. Nf2 O-O 20. Nh3 Re8 21. Nhg5
d5 22. Rad1 d4 23. Qd2 a5 24. Nxf7 Qc7 25. N7xe5 Nxe4 26. Qe2 Nd6 27. Nxd4 Bd5
28. Qxh5 Bf6 29. Ne6 Qb7 30. Nf3 Ne4 31. Bxe4 Bxe4 32. Nc5 Bxf3 33. Rxf3 Qd5
34. Nd3 Re4 35. Rff1 Rxc2 36. Nf2 Rd4 37. Rde1 Rc8 38. Re8+ Rxe8 39. Qxe8+ Kh7
40. Qh5+ Kg8 41. Re1 Be5 42. Qe8+ Kh7 43. Qxe5 Qd8 44. h3 Rd2 45. Re2 Rd6 46.
Ng4 Rd1+ 47. Kh2 Qb6 48. Re3 1-0

[Event "Konik Morski Rewala OPEN A"]
[Site "Rewal"]
[Date "2007.08.25"]
[Round "5.46"]
[White "Krzywkowski, Marcin"]
[Black "Marta, Daniele"]
[Result "0-1"]
[WhiteElo "1861"]
[BlackElo "2079"]
[PlyCount "96"]
[EventDate "2007.??.??"]

1. d4 Nf6 2. c4 g6 3. g3 Bg7 4. Bg2 O-O 5. e4 d6 6. Ne2 e5 7. O-O Re8 8. Nbc3
exd4 9. Nxd4 Nbd7 10. Re1 c6 11. Rb1 Ne5 12. b3 Qb6 13. h3 Nh5 14. Be3 Qc7 15.
f4 Nd7 16. Bf2 Nf8 17. b4 Ne6 18. Nde2 Nf8 19. b5 Be6 20. b6 axb6 21. Bxb6 Qd7
22. g4 Nxf4 23. Nxf4 Bxc3 24. Nxe6 Qxe6 25. Re3 Be5 26. Bd4 Qxc4 27. Bxe5 dxe5
28. Rxb7 Ne6 29. Bf1 Qxa2 30. Qc1 Qa1 31. Qxc6 Qd4 32. Qc3 Rac8 33. Qb3 Rc7 34.
Rxc7 Nxc7 35. Qc3 Ne6 36. Kh2 Qxc3 37. Rxc3 Re7 38. Kg3 Rc7 39. Rxc7 Nxc7 40.
Bc4 Kg7 41. g5 f5 42. gxf6+ Kxf6 43. h4 Ne8 44. Bb3 Nd6 45. Bc2 Nb5 46. h5 Kg5
47. hxg6 hxg6 48. Bd3 Nc7 0-1

[Event "Konik Morski Rewala OPEN A"]
[Site "Rewal"]
[Date "2007.08.25"]
[Round "5.47"]
[White "Wiewiora, Eneasz"]
[Black "Kowalska, Sara"]
[Result "1/2-1/2"]
[WhiteElo "1911"]
[BlackElo "1867"]
[PlyCount "45"]
[EventDate "2007.??.??"]

1. e4 e5 2. Nf3 Nc6 3. Bc4 Bc5 4. c3 Nf6 5. d4 exd4 6. cxd4 Bb4+ 7. Bd2 Bxd2+
8. Nbxd2 d5 9. exd5 Nxd5 10. O-O O-O 11. Ne5 Nxd4 12. Nb3 Nxb3 13. Bxd5 Qf6 14.
Qxb3 Qxe5 15. Rfe1 Qf6 16. Rac1 c6 17. Bf3 Rb8 18. Bxc6 Be6 19. Bd5 Bxd5 20.
Qxd5 Rfd8 21. Qe5 Qxe5 22. Rxe5 Rd2 23. Rce1 1/2-1/2

[Event "Konik Morski Rewala OPEN A"]
[Site "Rewal"]
[Date "2007.08.25"]
[Round "5.48"]
[White "Czaja, Roman"]
[Black "Latocha, Aleksander"]
[Result "1-0"]
[WhiteElo "2146"]
[BlackElo "1817"]
[PlyCount "85"]
[EventDate "2007.??.??"]

1. d4 d5 2. c4 c6 3. Nc3 Nf6 4. Nf3 dxc4 5. g3 Bf5 6. Bg2 e6 7. O-O Bb4 8. Ne5
O-O 9. Nxc4 Nbd7 10. Qb3 Bxc3 11. bxc3 Nb6 12. Nd2 Re8 13. e4 Bg6 14. e5 Nfd5
15. a4 a5 16. Ne4 Qc7 17. Ba3 Bxe4 18. Bxe4 Nd7 19. Rab1 b6 20. Bd6 Qa7 21. c4
Ne7 22. Bxe7 Rxe7 23. Bxc6 Rb8 24. f4 g6 25. Qb5 h5 26. Rfd1 h4 27. Bxd7 Qxd7
28. d5 exd5 29. Qxd7 Rxd7 30. cxd5 hxg3 31. hxg3 f6 32. Kf2 g5 33. Ke3 gxf4+
34. gxf4 Re8 35. Kd4 Rh7 36. Rxb6 fxe5+ 37. fxe5 Rh4+ 38. Kc5 Rxe5 39. Rd4 Rxd4
40. Kxd4 Re1 41. Ra6 Rc1 42. Rxa5 Kf7 43. Ke5 1-0

[Event "Konik Morski Rewala OPEN A"]
[Site "Rewal"]
[Date "2007.08.25"]
[Round "5.49"]
[White "Dinckel, Joerg"]
[Black "Stachanczyk, Jacek"]
[Result "1/2-1/2"]
[WhiteElo "2066"]
[BlackElo "2186"]
[PlyCount "33"]
[EventDate "2007.??.??"]

1. d4 Nf6 2. c4 g6 3. Nc3 Bg7 4. e4 O-O 5. Be2 d6 6. Nf3 e5 7. d5 Na6 8. Bg5 h6
9. Bh4 g5 10. Bg3 Nh5 11. Nd2 Nf4 12. O-O f5 13. f3 Nxe2+ 14. Qxe2 f4 15. Bf2
h5 16. Kh1 Rf7 17. Rab1 1/2-1/2

[Event "Konik Morski Rewala OPEN A"]
[Site "Rewal"]
[Date "2007.08.25"]
[Round "5.50"]
[White "Czachor, Radoslaw"]
[Black "Tofil, Borys"]
[Result "1/2-1/2"]
[WhiteElo "2038"]
[BlackElo "2148"]
[PlyCount "86"]
[EventDate "2007.??.??"]

1. e4 g6 2. d4 Bg7 3. Nf3 d6 4. Nc3 a6 5. a4 b6 6. Bc4 e6 7. O-O Ne7 8. Ne2 O-O
9. Bd3 c5 10. c3 Bb7 11. Bf4 Nbc6 12. Qd2 Na5 13. Rad1 cxd4 14. cxd4 Rc8 15. b4
Nc4 16. Qa2 d5 17. e5 Nc6 18. Bg5 f6 19. exf6 Bxf6 20. Bxf6 Qxf6 21. Bxc4 dxc4
22. Qxc4 Ne7 23. Qb3 Bxf3 24. gxf3 Qg5+ 25. Kh1 Qd5 26. Rd3 Qxb3 27. Rxb3 Nd5
28. Kg2 Rc2 29. Re1 Rfc8 30. Kf1 Ra2 31. Nc1 Rxa4 32. Nd3 Kf7 33. Rb2 Rc3 34.
Ne5+ Ke7 35. b5 axb5 36. Rxb5 Rxd4 37. Re4 Rc1+ 38. Kg2 Rdd1 39. Rb3 g5 40. Nd3
Rxd3 41. Rxd3 Nf4+ 42. Rxf4 gxf4 43. Rb3 Rc6 1/2-1/2

[Event "Konik Morski Rewala OPEN A"]
[Site "Rewal"]
[Date "2007.08.25"]
[Round "5.51"]
[White "Szudra, Heinz-werner"]
[Black "Klim, Kamil"]
[Result "0-1"]
[WhiteElo "2029"]
[BlackElo "2126"]
[PlyCount "64"]
[EventDate "2007.??.??"]

1. c4 Nf6 2. Nc3 g6 3. g3 Bg7 4. Bg2 O-O 5. e4 d6 6. d3 e5 7. Nge2 Nc6 8. O-O
Ne8 9. f4 f5 10. Be3 Be6 11. exf5 Bxf5 12. Qd2 Qd7 13. Rae1 Nf6 14. Kh1 Rae8
15. Nd5 Nd4 16. Nxf6+ Bxf6 17. Nc3 c6 18. Bxd4 exd4 19. Ne4 Bg7 20. Nf2 h6 21.
b4 d5 22. cxd5 cxd5 23. Rxe8 Rxe8 24. Re1 Rxe1+ 25. Qxe1 Be6 26. b5 Bf7 27. a4
Qc7 28. Bh3 Qc2 29. a5 Kf8 30. Qb4+ Kg8 31. Kg2 Bf8 32. Qxd4 Bc5 0-1

[Event "Konik Morski Rewala OPEN A"]
[Site "Rewal"]
[Date "2007.08.25"]
[Round "5.52"]
[White "Kunicki, Michal"]
[Black "Krasnodebska, Magdalena"]
[Result "1/2-1/2"]
[WhiteElo "2120"]
[BlackElo "1992"]
[PlyCount "71"]
[EventDate "2007.??.??"]

1. d4 Nf6 2. c4 e6 3. Nc3 Bb4 4. f3 d5 5. a3 Bxc3+ 6. bxc3 c6 7. cxd5 cxd5 8.
e3 O-O 9. Bd3 b6 10. Ne2 Ba6 11. O-O Bxd3 12. Qxd3 Nc6 13. e4 h6 14. Ng3 e5 15.
Nf5 Re8 16. Be3 exd4 17. cxd4 dxe4 18. fxe4 Nxe4 19. Bxh6 g6 20. Ng7 Re7 21. d5
Qd7 22. Rad1 Rd8 23. Qf3 Na5 24. Rfe1 Nd6 25. Qf6 Rxe1+ 26. Rxe1 Kh7 27. Re7
Qg4 28. Ne6 Qd1+ 29. Qf1 Qxf1+ 30. Kxf1 Re8 31. Bf8 Rxe7 32. Ng5+ Kg8 33. Bxe7
Nf5 34. Bb4 Ne3+ 35. Ke2 Nxd5 36. Bxa5 1/2-1/2

[Event "Konik Morski Rewala OPEN A"]
[Site "Rewal"]
[Date "2007.08.25"]
[Round "5.53"]
[White "Malczyk, Jakub"]
[Black "Cherednichenko, Elena"]
[Result "1/2-1/2"]
[WhiteElo "2050"]
[BlackElo "2105"]
[PlyCount "29"]
[EventDate "2007.??.??"]

1. d4 Nf6 2. Nf3 g6 3. Bf4 Bg7 4. e3 O-O 5. h3 d6 6. Be2 Nbd7 7. c3 Qe8 8. O-O
e5 9. dxe5 Nxe5 10. Nbd2 Nc6 11. Qc2 Bf5 12. Bd3 Bxd3 13. Qxd3 Qe7 14. Rad1
Rfe8 15. Rfe1 1/2-1/2

[Event "Konik Morski Rewala OPEN A"]
[Site "Rewal"]
[Date "2007.08.25"]
[Round "5.54"]
[White "Czaus, Piotr"]
[Black "Janczarski, Michal"]
[Result "0-1"]
[WhiteElo "1981"]
[BlackElo "2088"]
[PlyCount "66"]
[EventDate "2007.??.??"]

1. c4 Nf6 2. Nc3 g6 3. e4 e5 4. Nf3 d6 5. g3 c5 6. Bg2 Nc6 7. d3 Bg7 8. Bg5 h6
9. Be3 Rb8 10. a3 a6 11. O-O O-O 12. Qd2 Ng4 13. h3 Nxe3 14. fxe3 b5 15. b3 Be6
16. Rab1 Rb7 17. a4 bxa4 18. bxa4 Rxb1 19. Rxb1 h5 20. Kh2 Bh6 21. Ne1 Qa5 22.
Rb3 Nd4 23. Rb7 Bxe3 24. Qxe3 Qxc3 25. Rb6 Qa5 26. Rxd6 Ra8 27. Nf3 Qc7 28. Rd5
Bxd5 29. exd5 Nxf3+ 30. Bxf3 Rb8 31. Qg5 Rb2+ 32. Kg1 Qa5 33. Qc1 Qb4 0-1

[Event "Konik Morski Rewala OPEN A"]
[Site "Rewal"]
[Date "2007.08.25"]
[Round "5.55"]
[White "Morozova, Julia"]
[Black "Pacak, Mateusz"]
[Result "1/2-1/2"]
[WhiteElo "2073"]
[BlackElo "1885"]
[PlyCount "134"]
[EventDate "2007.??.??"]

1. d4 e6 2. Nf3 f5 3. c4 Nf6 4. Nc3 Bb4 5. a3 Bxc3+ 6. bxc3 d6 7. g3 b6 8. Bg2
Bb7 9. a4 Ne4 10. Qc2 Nd7 11. Ng5 Nxg5 12. Bxb7 Rb8 13. Bc6 Nf7 14. e4 O-O 15.
exf5 exf5 16. Qxf5 Qe7+ 17. Be3 Nfe5 18. Bd5+ Kh8 19. Qe6 Qxe6 20. Bxe6 Rbe8
21. Bh3 Nf3+ 22. Ke2 Re7 23. a5 c5 24. Kd3 h6 25. axb6 Nxb6 26. Ra6 Rc7 27. Bf4
Rf6 28. Bg2 Ng5 29. h4 Nf7 30. Re1 cxd4 31. Re8+ Kh7 32. Be4+ g6 33. cxd4 Nxc4
34. h5 Ng5 35. hxg6+ Kg7 36. Bxg5 hxg5 37. Ke2 Nb6 38. Ra1 Rxg6 39. Bxg6 Kxg6
40. Re6+ Kf5 41. Rxd6 Rc2+ 42. Kf3 g4+ 43. Kg2 Rc7 44. Ra5+ Ke4 45. Re5+ Kd3
46. Re3+ Kd2 47. Re4 Rg7 48. d5 Kd3 49. Re5 Nc4 50. Ree6 Nxd6 51. Rxd6 Ke4 52.
Rd8 a6 53. d6 Kd5 54. f4 gxf3+ 55. Kxf3 Rf7+ 56. Kg4 Ra7 57. Kf5 a5 58. g4 a4
59. d7 a3 60. g5 a2 61. Rb8 Rxd7 62. Ra8 Rf7+ 63. Kg6 Rf2 64. Kg7 Kc4 65. g6
Kb3 66. Kg8 Kb2 67. Rb8+ Kc1 1/2-1/2

[Event "Konik Morski Rewala OPEN A"]
[Site "Rewal"]
[Date "2007.08.25"]
[Round "5.57"]
[White "Roth, Josef"]
[Black "Raczynski, Marcin"]
[Result "0-1"]
[WhiteElo "2158"]
[BlackElo "2044"]
[PlyCount "104"]
[EventDate "2007.??.??"]

1. e4 c5 2. Nf3 Nc6 3. d4 cxd4 4. Nxd4 g6 5. c4 d6 6. Be3 Nf6 7. Nc3 Ng4 8.
Nxc6 bxc6 9. Qd4 e5 10. Qd2 Nxe3 11. Qxe3 Qb6 12. Qd2 Be6 13. Bd3 h5 14. O-O
Bh6 15. Qc2 O-O 16. Kh1 Rab8 17. b3 Rb7 18. Rad1 Qd8 19. c5 Rd7 20. cxd6 Rxd6
21. Na4 h4 22. Nc5 h3 23. g3 Qf6 24. Qe2 Bc8 25. Bc4 Rfd8 26. Rxd6 Qxd6 27. Qf3
Qe7 28. Nd3 Kg7 29. g4 Qf6 30. Qxh3 Bf4 31. Qf3 Qg5 32. h3 Rh8 33. Rg1 Qh4 34.
Kg2 f5 35. exf5 gxf5 36. Nxf4 exf4 37. Kf1 Qxh3+ 38. Qxh3 Rxh3 39. gxf5+ Kf6
40. Rg6+ Kxf5 41. Rxc6 Rh8 42. Rc5+ Ke4 43. Bd5+ Kd4 44. Ra5 Rh7 45. Ke2 Bg4+
46. f3 Bf5 47. Be4 Rh2+ 48. Kf1 Bxe4 49. Ra4+ Ke3 50. Rxe4+ Kxf3 51. Kg1 Rg2+
52. Kh1 Rxa2 0-1

[Event "Konik Morski Rewala OPEN A"]
[Site "Rewal"]
[Date "2007.08.25"]
[Round "5.58"]
[White "Korosciel, Aneta"]
[Black "Warchalowski, Daniel"]
[Result "0-1"]
[WhiteElo "2105"]
[BlackElo "2061"]
[PlyCount "94"]
[EventDate "2007.??.??"]

1. e4 e5 2. Nf3 Nc6 3. Bb5 Nf6 4. O-O Nxe4 5. d4 Be7 6. Re1 Nd6 7. Bxc6 bxc6 8.
dxe5 Nb7 9. Nc3 O-O 10. Nd4 Bc5 11. Ne4 Bxd4 12. Qxd4 d5 13. Bg5 Qd7 14. Rad1
Qf5 15. Nf6+ gxf6 16. Bxf6 h6 17. Rd3 Kh7 18. Rg3 Rg8 19. Rxg8 Kxg8 20. Re3
Qxc2 21. h3 a5 22. e6 Bxe6 23. Rxe6 Kh7 24. Re7 Qg6 25. Rxc7 Rg8 26. g3 Nd6 27.
Qf4 Ne4 28. Rxc6 Ng5 29. Kg2 Ne6 30. Qh4 Qf5 31. Rc3 Nf4+ 32. Kh2 Ne2 33. Bd4
Nxc3 34. bxc3 Qg5 35. Qxg5 hxg5 36. a4 Rc8 37. Bb6 Rxc3 38. Bxa5 Ra3 39. Kg2
Rxa4 40. Bd2 Kg6 41. Kf3 Ra3+ 42. Ke2 f6 43. Be3 Kf5 44. Bd4 Ra4 45. Kd3 Ra8
46. Be3 Rh8 47. Kd4 Ke6 0-1

[Event "Konik Morski Rewala OPEN A"]
[Site "Rewal"]
[Date "2007.08.25"]
[Round "5.59"]
[White "Walas, Aleksandra"]
[Black "Schroeter, Guenter"]
[Result "0-1"]
[WhiteElo "1884"]
[BlackElo "2104"]
[PlyCount "34"]
[EventDate "2007.??.??"]

1. e4 c6 2. d4 d5 3. exd5 cxd5 4. c4 Nc6 5. Nc3 Nf6 6. Bg5 e6 7. cxd5 exd5 8.
Bxf6 gxf6 9. Qe2+ Be6 10. Nf3 Bg7 11. Qb5 O-O 12. Qxb7 Qd6 13. Bb5 Nb4 14. Ba4
Rfb8 15. Nb5 Nd3+ 16. Kf1 Qb4 17. Qa6 Qxb2 0-1

[Event "Konik Morski Rewala OPEN A"]
[Site "Rewal"]
[Date "2007.08.26"]
[Round "6.8"]
[White "Sieciechowicz, Marcin"]
[Black "Koziak, Vitali"]
[Result "1/2-1/2"]
[WhiteElo "2214"]
[BlackElo "2441"]
[PlyCount "128"]
[EventDate "2007.??.??"]

1. d4 f5 2. Nc3 Nf6 3. Bg5 d5 4. Bxf6 exf6 5. e3 Be6 6. Qf3 Qd7 7. Bb5 Nc6 8.
Nge2 g5 9. Ng3 g4 10. Qe2 h5 11. h4 Bd6 12. Qd3 Bxg3 13. fxg3 a6 14. Bxc6 Qxc6
15. Ne2 Qb5 16. Qc3 O-O 17. Nf4 Bf7 18. a4 Qc4 19. Qd3 Rfe8 20. Kf2 Qxd3 21.
cxd3 a5 22. Ra3 Re7 23. Rb3 b6 24. Rb5 Rd8 25. Rb1 Rd6 26. b4 axb4 27. R1xb4
Re8 28. a5 Rb8 29. Rb2 Kf8 30. Rc2 Rb7 31. axb6 cxb6 32. Rc8+ Kg7 33. Ke2 Kh7
34. Rb2 Kg7 35. Kd2 Kh7 36. Rbc2 Kg7 37. R2c7 Rxc7 38. Rxc7 Kg8 39. Rc8+ Kg7
40. Kc3 Rd7 41. Rc6 Re7 42. Kd2 Rb7 43. Rd6 b5 44. Nxd5 b4 45. Kc2 Bxd5 46.
Rxd5 Re7 47. Rxf5 Rxe3 48. Rf2 Rxg3 49. Kd2 Kf7 50. Re2 b3 51. Kc3 f5 52. d5 f4
53. d6 Re3 54. Rf2 f3 55. gxf3 Rxf3 56. Re2 Rf6 57. Re7+ Kf8 58. Rh7 Rxd6 59.
Rxh5 Rg6 60. Kxb3 g3 61. Rf5+ Kg7 62. Rf1 Rg4 63. Rg1 Kf6 64. d4 Rxd4 1/2-1/2

[Event "Konik Morski Rewala OPEN A"]
[Site "Rewal"]
[Date "2007.08.26"]
[Round "6.9"]
[White "Rudolf, Michal"]
[Black "Zgadzaj, Rafal"]
[Result "1-0"]
[WhiteElo "2419"]
[BlackElo "2212"]
[PlyCount "35"]
[EventDate "2007.??.??"]

1. d4 c6 2. e4 d6 3. Nc3 e5 4. Nf3 Nd7 5. Bc4 Be7 6. dxe5 Nxe5 7. Nxe5 dxe5 8.
Qh5 Be6 9. Bxe6 g6 10. Qxe5 Bf6 11. Bxf7+ Kxf7 12. Qg3 Ne7 13. O-O Re8 14. Qh3
h5 15. Bf4 Qb6 16. Qf3 Kg8 17. Be3 Bd4 18. Na4 1-0

[Event "Konik Morski Rewala OPEN A"]
[Site "Rewal"]
[Date "2007.08.26"]
[Round "6.10"]
[White "Orzech, Dominik"]
[Black "Krzyzanowski, Marcin"]
[Result "1-0"]
[WhiteElo "2394"]
[BlackElo "2206"]
[PlyCount "89"]
[EventDate "2007.??.??"]

1. Nf3 Nf6 2. c4 d6 3. d4 Nbd7 4. Nc3 g6 5. g3 Bg7 6. Bg2 O-O 7. O-O e5 8. e4
exd4 9. Nxd4 Re8 10. Re1 a6 11. a4 a5 12. Ndb5 Ne5 13. b3 h6 14. h3 Bd7 15. f4
Nc6 16. Be3 Nb4 17. Qd2 Bc6 18. Bd4 Nd7 19. Rad1 Kh7 20. Bf2 b6 21. e5 Nc5 22.
Bxc5 bxc5 23. exd6 Rxe1+ 24. Qxe1 cxd6 25. Rxd6 Qc8 26. Qe7 Bxg2 27. Kxg2 Kg8
28. Ne4 Qe8 29. Qxe8+ Rxe8 30. Nxc5 Bf8 31. Nd7 Re2+ 32. Kf1 Rb2 33. Nxf8 Kxf8
34. Nd4 Ke7 35. Rb6 Nd3 36. Nc6+ Kf8 37. Ne5 Nc5 38. Rf6 Rxb3 39. Rxf7+ Ke8 40.
Ra7 Rb1+ 41. Ke2 Nxa4 42. Rxa5 Ra1 43. Kf3 Ra3+ 44. Kg4 h5+ 45. Kh4 1-0